skbl

Dr Suryya Kumar Bhuyan Library Web-OPAC
ডঃ সূৰ্য্য
কুমাৰ ভূঞা পুথিভঁৰাল ৱেব-অ'পেক

All Research Scholars are advised to clear the annual library fees to continue using Library Resources, Remote Access, Plagiarism Test and Library Clearance.

Cotton University Book Fair 2026

The Rakhine State (Arakan) of Myanmar (Record no. 67487)

MARC details
000 -LEADER
fixed length control field 00509nam a22002057a 4500
003 - CONTROL NUMBER IDENTIFIER
control field OSt
005 - DATE AND TIME OF LATEST TRANSACTION
control field 20250205131753.0
008 - FIXED-LENGTH DATA ELEMENTS--GENERAL INFORMATION
fixed length control field 250205b |||||||| |||| 00| 0 eng d
020 ## - INTERNATIONAL STANDARD BOOK NUMBER
ISBN 9789350980620
040 ## - CATALOGING SOURCE
Transcribing agency SKBL
041 ## - LANGUAGE CODE
Language code of text/sound track or separate title eng
082 ## - DEWEY DECIMAL CLASSIFICATION NUMBER
Classification number 954
Item number BHA
100 ## - MAIN ENTRY--AUTHOR NAME
Personal name Bhattacharya, Swapna
Relator term Author
245 ## - TITLE STATEMENT
Title The Rakhine State (Arakan) of Myanmar
Remainder of title Interrogating History Culture and Conflict
250 ## - EDITION STATEMENT
Edition statement First
260 ## - PUBLICATION, DISTRIBUTION, ETC. (IMPRINT)
Place of publication Delhi
Name of publisher Manohar
Year of publication 2015
300 ## - PHYSICAL DESCRIPTION
Number of Pages 184p.
700 ## - ADDED ENTRY--PERSONAL NAME
Relator term Author
942 ## - ADDED ENTRY ELEMENTS (KOHA)
Koha item type Books
Holdings
Withdrawn status Department Home library Current library Accession Date Full call number Accession Number Price effective from Koha item type
  History Dr. Suryya Kumar Bhuyan Library Dr. Suryya Kumar Bhuyan Library 05/02/2025 954 G7097 05/02/2025 Books

Designed and Maintained by Team SKBL
©1901-2026

Powered by Koha